Normal view
MARC view
- Dr. Jamil Raza
Entry Personal Name
001 - CONTROL NUMBER
- control field: 34583
003 - CONTROL NUMBER IDENTIFIER
- control field: NUST
005 - DATE AND TIME OF LATEST TRANSACTION
- control field: 20201027125625.0
008 - FIXED-LENGTH DATA ELEMENTS
- fixed length control field: 201027|| aca||aabn | a|a d
040 ## - CATALOGING SOURCE
- Original cataloging agency: NUST
- Transcribing agency: NUST
100 ## - HEADING--PERSONAL NAME
- Personal name: Dr. Jamil Raza
670 ## - SOURCE DATA FOUND
- Source citation: Work cat.: (NUST): Muhammad Amin, Aftab Hussain 34582, Finite Difference Time Domain (FDTD) method for the study of Electromagnetic wave propagation and its Implementation on Parallel Computers, 2007
